Активные частотно-разделительные фильтры; Известия Томского политехнического университета [Известия ТПУ]; Т. 311, № 4 : Энергетика
| Parent link: | Известия Томского политехнического университета [Известия ТПУ]/ Томский политехнический университет (ТПУ).— , 2000- Т. 311, № 4 : Энергетика.— 2007.— [С. 91-95] |
|---|---|
| Autor principal: | |
| Otros Autores: | |
| Sumario: | Заглавие с титульного листа Электронная версия печатной публикации Предложен метод синтеза аналоговых частотно-разделительных устройств на основе волновых фильтров. Рассмотрены различные варианты конфигураций таких фильтров. Показано, что частотно-разделительные фильтры, синтезированные в соответствии с предложенным методом, имеют минимальный порядок. |
| Lenguaje: | ruso |
| Publicado: |
2007
|
| Colección: | Энергетика |
| Materias: | |
| Acceso en línea: | http://www.lib.tpu.ru/fulltext/v/Bulletin_TPU/2007/v311/i4/20.pdf |
| Formato: | MixedMaterials Electrónico Capítulo de libro |
| KOHA link: | https://koha.lib.tpu.ru/cgi-bin/koha/opac-detail.pl?biblionumber=172633 |
MARC
| LEADER | 00000nla2a2200000 4500 | ||
|---|---|---|---|
| 001 | 172633 | ||
| 005 | 20231031164332.0 | ||
| 035 | |a (RuTPU)RU\TPU\book\187205 | ||
| 035 | |a RU\TPU\book\187196 | ||
| 090 | |a 172633 | ||
| 100 | |a 20091215d2007 k y0rusy50 ca | ||
| 101 | 0 | |a rus | |
| 102 | |a RU | ||
| 135 | |a drnn ---uucaa | ||
| 181 | 0 | |a i | |
| 182 | 0 | |a b | |
| 200 | 1 | |a Активные частотно-разделительные фильтры |b Электронный ресурс |f В. П. Довгун, В. В. Новиков | |
| 203 | |a Текст |c электронный | ||
| 215 | |a 1 файл (715 Кб) | ||
| 225 | 1 | |a Энергетика | |
| 230 | |a Электронные текстовые данные (1 файл : 715 Кб) | ||
| 300 | |a Заглавие с титульного листа | ||
| 300 | |a Электронная версия печатной публикации | ||
| 320 | |a [Библиогр.: с. 95 (10 назв.)] | ||
| 330 | |a Предложен метод синтеза аналоговых частотно-разделительных устройств на основе волновых фильтров. Рассмотрены различные варианты конфигураций таких фильтров. Показано, что частотно-разделительные фильтры, синтезированные в соответствии с предложенным методом, имеют минимальный порядок. | ||
| 337 | |a Adobe Reader | ||
| 461 | 1 | |0 (RuTPU)RU\TPU\book\176237 |t Известия Томского политехнического университета [Известия ТПУ] |f Томский политехнический университет (ТПУ) |d 2000- | |
| 463 | 1 | |0 (RuTPU)RU\TPU\book\187129 |x 1684-8519 |t Т. 311, № 4 : Энергетика |v [С. 91-95] |d 2007 |p 158 с. | |
| 610 | 1 | |a частотно-разделительные фильтры | |
| 610 | 1 | |a синтез | |
| 610 | 1 | |a частотно-разделительные устройства | |
| 610 | 1 | |a волновые фильтры | |
| 610 | 1 | |a минимальный порядок | |
| 610 | 1 | |a электронный ресурс | |
| 700 | 1 | |a Довгун |b В. П. | |
| 701 | 1 | |a Новиков |b В. В. | |
| 801 | 1 | |a RU |b 63413507 |c 20090623 |g PSBO | |
| 801 | 2 | |a RU |b 63413507 |c 20211116 |g PSBO | |
| 856 | 4 | |u http://www.lib.tpu.ru/fulltext/v/Bulletin_TPU/2007/v311/i4/20.pdf | |
| 942 | |c CF | ||